000 00690nam a2200241Ia 4500
005 20250508160705.0
008 008 250505s9999 xx 000 0 eng d
020 _a0-471-36484-3
037 _aTextual
040 _aFEDL
_beng
_cFEDL
041 _aeng
_2eng
084 _a001.6, HAY
_qFEDL
100 _aHayes Robert M
_944177
245 0 _aHand book of data processing for libraries
245 4 _cThe Council on Library Resources
260 _aNew York, USA
_bBecker and Hayes
_c1970
300 _axv,885p.
365 _aINR
_b143.64
650 _aComputer Science
700 _a Becker Joseph
_9769119
942 _cTEXL
_h001.6, HAY
999 _c1366048
_d1366048